Optimalizácia operačných procesov vo vybranom podniku diplomová práca

Saved in:
Bibliographic Details
Main Author: Liptáková-Kováčová, Dominika
Corporate Author: Fakulta podnikového manažmentu EU. Katedra manažmentu výroby a logistiky - zrušená
Other Authors: Boorová, Brigita, 1979-
Format: Book
Language:Slovak
Published: Bratislava 2018
Tags: Add Tag
No Tags, Be the first to tag this record!

MARC

LEADER 00000nbm a2200000 4500
001 0244628
005 20181009130650.5
041 0 |a slo 
044 |a SK 
245 1 0 |a Optimalizácia operačných procesov vo vybranom podniku  |b diplomová práca  |c Dominika Liptáková-Kováčová ; školiteľ: Brigita Boorová 
264 1 |a Bratislava  |c 2018 
300 |a 80 s. 
100 1 |a Liptáková-Kováčová, Dominika 
700 1 |a Boorová, Brigita, 1979- 
710 2 |a Fakulta podnikového manažmentu EU. Katedra manažmentu výroby a logistiky - zrušená